Financial Services (Record no. 7438)

MARC details
000 -LEADER
fixed length control field 00302nam a2200133Ia 4500
008 - FIXED-LENGTH DATA ELEMENTS--GENERAL INFORMATION
fixed length control field 191201s2011 xx 000 0 und d
100 ## - MAIN ENTRY--PERSONAL NAME
Personal name GUPTA,Shashi,K
245 #0 - TITLE STATEMENT
Title Financial Services
250 ## - EDITION STATEMENT
Edition statement 3rd
260 ## - PUBLICATION, DISTRIBUTION, ETC. (IMPRINT)
Date of publication, distribution, etc 2011
Name of publisher, distributor, etc kalayani pub
Place of publication, distribution, etc N. delhi
300 ## - PHYSICAL DESCRIPTION
Extent misc
650 ## - SUBJECT ADDED ENTRY--TOPICAL TERM
Topical term or geographic name as entry element MBA
942 ## - ADDED ENTRY ELEMENTS (KOHA)
Source of classification or shelving scheme Dewey Decimal Classification
Koha item type Book Bank
Holdings
Withdrawn status Lost status Source of classification or shelving scheme Damaged status Not for loan Collection code Home library Current library Date acquired Source of acquisition Cost, normal purchase price Bill Number Total Checkouts Full call number Acc. no. / Barcode Date last seen Bill Date Koha item type
    Dewey Decimal Classification     MBA PIET C-LIBRARY PIET C-LIBRARY 31/03/2011 The book company 350.00 IN7679   332 GUF BB6493 04/12/2019 31/03/2011 Book Bank
    Dewey Decimal Classification     MBA PIET C-LIBRARY PIET C-LIBRARY 31/03/2011 The book company 350.00 IN7679   332 GUF BB6494 04/12/2019 31/03/2011 Book Bank
    Dewey Decimal Classification     MBA PIET C-LIBRARY PIET C-LIBRARY 31/03/2011 The book company 350.00 IN7679   332 GUF BB6495 04/12/2019 31/03/2011 Book Bank
    Dewey Decimal Classification     MBA PIET C-LIBRARY PIET C-LIBRARY 31/03/2011 The book company 350.00 IN7679   332 GUF BB6496 04/12/2019 31/03/2011 Book Bank
    Dewey Decimal Classification     MBA PIET C-LIBRARY PIET C-LIBRARY 31/03/2011 The book company 350.00 IN7679   332 GUF BB6497 04/12/2019 31/03/2011 Book Bank
    Dewey Decimal Classification     MBA PIET C-LIBRARY PIET C-LIBRARY 31/03/2011 The book company 350.00 IN7679   332 GUF BB6498 04/12/2019 31/03/2011 Book Bank
    Dewey Decimal Classification     MBA PIET C-LIBRARY PIET C-LIBRARY 31/03/2011 The book company 350.00 IN7679   332 GUF BB6499 04/12/2019 31/03/2011 Book Bank
    Dewey Decimal Classification     MBA PIET C-LIBRARY PIET C-LIBRARY 31/03/2011 The book company 350.00 IN7679   332 GUF BB6500 04/12/2019 31/03/2011 Book Bank

Design & Developed by: PIET Central Library
R70 Miles Stone Pattikalyana Samalkha Panipat 132102
mail ID :- [email protected], Phone No:- 0180-2569700 Ex.216